Algebra recreativa

Gespeichert in:
Bibliographische Detailangaben
1. Verfasser: Perelman, Y (VerfasserIn)
Format: Buch
Sprache:Spanisch
Veröffentlicht: Moscú Mir 1969
Schlagworte:
Tags: Tag hinzufügen
Keine Tags, Fügen Sie den ersten Tag hinzu!

MARC

LEADER 00000nam a2200000 a 4500
001 UCQ9996
003 CL-VaPUC
005 20230629120254.0
008 990128e19690000ru |||||||||||||||||spa|d
999 |c 278884  |d 278882 
040 |c Pontificia Universidad Católica de Valparaíso 
082 0 4 |a 793.74 PER 1969 
100 0 |a Perelman, Y  |e author  |9 424729 
245 1 0 |a Algebra recreativa 
260 |a Moscú  |b Mir  |c 1969 
300 |a 179 p 
583 |a last modification  |c 20171123 02:44:47  |k Rodrigo Vera 
650 7 |a MATEMATICAS RECREATIVAS  |2 CL-VaPUC  |9 269273 
650 0 |a Álgebra  |9 259567 
650 7 |a OPERACIONES ALGEBRAICAS  |2 CL-VaPUC  |9 422597 
942 |c BK  |2 ddc 
945 |d 19990128 00:00:00  |a crobeson 
952 |0 0  |1 0  |4 0  |6 793_740000000000000_PER_1969  |7 0  |8 A  |9 317692  |a BIBCUR  |b BIBCUR  |d 2019-11-20  |i 4648722  |l 1  |o 793.74 PER 1969  |p 4648722  |r 2025-04-22  |s 2025-03-11  |w 2019-11-20  |y BK  |k FIS 
952 |0 0  |1 0  |2 ddc  |4 0  |6 793_740000000000000_PER_1969  |7 0  |8 A  |9 500174  |a BIBMAT  |b BIBMAT  |d 2020-01-22  |i 5616387  |o 793.74 PER 1969  |p 5616387  |r 2025-01-07  |t 3  |w 2020-01-22  |y BK  |k MAT